EVALUACIÓN DE LA CALIDAD DEL AGUA MEDIANTE EL ÍNDICE SIMPLIFICADO DE CALIDAD DE AGUA (ISQA) Y EL ÍNDICE BIÓTICO BMWP (BIOLOGICAL MONITORING WORKING PARTY BMWP-CR), EN LA MICRO CUENCA DEL RÍO CANLICH DEL MUNICIPIO DE SAN PEDRO CARCHÁ, DEPARTAMENTO DE ALTA VERAPAZ/ (Registro nro. 1894)

Detalles MARC
000 -LEADER
campo de control de longitud fija 03391nam a22003377a 4500
001 - NÚMERO DE CONTROL
campo de control TIGAL 0084
003 - IDENTIFICADOR DE NÚMERO DE CONTROL
campo de control gtcocun
005 - FECHA Y HORA DE LA ÚLTIMA TRANSACCIÓN
campo de control 20250917181627.0
006 - CÓDIGOS DE INFORMACIÓN DE LONGITUD FIJA--CARACTERÍSTICAS DEL MATERIAL ADICIONAL
campo de control de longitud fija a||||gr|||| 00| 0
007 - CAMPO FIJO DE DESCRIPCIÓN FÍSICA--INFORMACIÓN GENERAL
campo de control de longitud fija ta
008 - DATOS DE LONGITUD FIJA--INFORMACIÓN GENERAL
campo de control de longitud fija 250917b2024 gt ||||| m||| 00| 0 eng d
040 ## - FUENTE DE CATALOGACIÓN
Centro catalogador/agencia de origen gtcocun
Lengua de catalogación SPA
Centro/agencia transcriptor gtcocun
Normas de descripción RDA
041 ## - CÓDIGO DE IDIOMA
Código de lengua del texto/banda sonora o título independiente SPA TIGAL 0084
084 ## - OTRO NÚMERO DE CLASIFICACIÓN
Número de control del registro de autoridad o número normalizado TIGAL 0084
100 ## - ENTRADA PRINCIPAL--NOMBRE DE PERSONA
Nombre de persona Straube Rodas, Carlos Cristopher
Término indicativo de función/relación Autor
245 ## - MENCIÓN DEL TÍTULO
Título EVALUACIÓN DE LA CALIDAD DEL AGUA MEDIANTE EL ÍNDICE SIMPLIFICADO DE CALIDAD DE AGUA (ISQA) Y EL ÍNDICE BIÓTICO BMWP (BIOLOGICAL MONITORING WORKING PARTY BMWP-CR), EN LA MICRO CUENCA DEL RÍO CANLICH DEL MUNICIPIO DE SAN PEDRO CARCHÁ, DEPARTAMENTO DE ALTA VERAPAZ/
Mención de responsabilidad, etc. Carlos Cristopher Straube Rodas.
Medio Impreso
264 ## - PRODUCCIÓN, PUBLICACIÓN, DISTRIBUCIÓN, FABRICACIÓN Y COPYRIGHT
Producción, publicación, distribución, fabricación y copyright Cobán, Alta Verapaz:
Nombre del de productor, editor, distribuidor, fabricante Universidad de San Carlos de Guatemala, Centro Universitario del Norte, Carrera de Ingeniería en Gestión Ambiental Local
Fecha de producción, publicación, distribución, fabricación o copyright 2024
300 ## - DESCRIPCIÓN FÍSICA
Extensión 105 p.:
Otras características físicas Ilustraciones, gráficas.
Dimensiones 28 cm;
300 ## - DESCRIPCIÓN FÍSICA
Dimensiones PDF
336 ## - TIPO DE CONTENIDO
Fuente rdacontenido
Término de tipo de contenido Texto
Código de tipo de contenido txt
337 ## - TIPO DE MEDIO
Fuente rdamedio
Nombre/término del tipo de medio Computadora
Código del tipo de medio n
338 ## - TIPO DE SOPORTE
Fuente rdasoporte
Nombre/término del tipo de soporte Código en línea
Código del tipo de soporte cr
502 ## - NOTA DE TESIS
identificador de la tesis TIGAL 0084
502 ## - NOTA DE TESIS
Nota de tesis Tesis de grado
Tipo de título Carrera de Ingeniería en Gestión Ambiental Local,
Nombre de la institución que otorga el título Universidad de San Carlos de Guatemala, Centro Universitario del Norte, Carrera de Ingeniería en Gestión Ambiental Local
Año de obtención del título 2024
Identificador de la tesis TIGAL 0084
520 14 - RESUMEN, ETC.
Sumario, etc. En el presente estudio se realizó un monitoreo del agua de la microcuenca del río<br/>Canlich, ubicado en el municipio de San Pedro Carchá, departamento de Alta Verapaz,<br/>cuyo objetivo fue evaluar la calidad del agua de la microcuenca, mediante el índice biótico<br/>Biological Monitoring Working Party (BMWP-CR) basados en macroinvertebrados<br/>bentónicos y el índice simplificado de calidad de agua (ISQA), para determinar las<br/>condiciones físico-químicas y biológicas del agua.<br/><br/>Se establecieron dos puntos de muestreo representativos de la parte alta y la parte<br/>baja de la microcuenca, los muestreos se llevaron a cabo en dos épocas del año, un día a la<br/>semana por cinco semanas consecutivas en época seca (mayo) y en época lluviosa (junio,<br/>julio), para comprobar la influencia estacional en la calidad del agua en el río Canlich. El<br/>estudio tuvo un carácter cuantitativo a la hora de evaluar la calidad del agua mediante el<br/>índice fisicoquímico ISQA y cualitativo al aplicar el índice biótico BMWP.<br/><br/>Se comparó la influencia que tienen las épocas estacionales en la calidad del agua<br/>por medio de porcentajes de mejora o deterioro del mismo. Se observó cómo afecta el<br/>cambio de estación a la calidad del agua por medio del índice simplificado de calidad del<br/>agua (ISQA) donde se obtiene un aumento de la calidad del agua al pasar de época seca a<br/>época lluviosa.<br/><br/>Se observó deterioro de la calidad del agua en la época seca a la húmeda en las<br/>partes alta y baja de la microcuenca. La cual se evaluó mediante indicadores biológicos.
650 14 - PUNTO DE ACCESO ADICIONAL DE MATERIA--TÉRMINO DE MATERIA
Fuente del encabezamiento o término LEMB
Término de materia o nombre geográfico como elemento de entrada Carchá, Alta Verapaz
Subdivisión general Ingeniería en Gestión Ambiental Local
-- Índice biótico
-- Biológicas
-- Muestreo
-- Calidad del agua
-- Época seca
700 ## - ENTRADA AGREGADA--NOMBRE PERSONAL
Nombre de persona Ing. Agr. Julio Oswaldo Méndez Morales
Término indicativo de función/relación Asesor
856 ## - LOCALIZACIÓN Y ACCESO ELECTRÓNICOS
Identificador Uniforme de Recurso <a href="https://drive.google.com/file/d/12O6Dwe75s9_menVUwTgSr-2YtQWP2Y0J/view">https://drive.google.com/file/d/12O6Dwe75s9_menVUwTgSr-2YtQWP2Y0J/view</a>
Texto de enlace PDF
Nota pública Un ejemplar en línea.
942 ## - ELEMENTOS DE ENTRADA SECUNDARIOS (KOHA)
Fuente de la clasificación o esquema de estantería Clasificación Decimal Dewey
Tipo de ítem Koha TESIS
Parte de la signatura que identifica el ejemplar (Parte del ítem) TIGAL 0084
Prefijo de la signatura Clasificación
Suprimir en OPAC No
-- TIGAL_0084_000000000000000
Existencias
Estatus retirado Estado de pérdida Fuente de la clasificación o esquema de estantería Estado de daño No para préstamo Colección Biblioteca de origen Biblioteca actual Ubicación en estantería Fecha de adquisición Número de inventario Total de préstamos Signatura topográfica completa Código de barras Visto por última vez Precio de reemplazo Tipo de ítem Koha
    Clasificación Decimal Dewey     tesis BIBLIOTECA- CUNOR -JOSÉ LUIS GONZALES ROSALES BIBLIOTECA- CUNOR -JOSÉ LUIS GONZALES ROSALES Colección tesis 17/09/2025 TIGAL 0084   TIGAL 0084 TIGAL 0084 17/09/2025 17/09/2025 TESIS